Missouri Basketball: Top 10 All-Time Leaders - Statistics

General Stats
  • This quiz has been taken 19 times
    13 since last reset
  • The average score is 32 of 96
Answer Stats
Category # Player Amount % Correct
Points Per Game 10 Jabari Brown 17.3
88%
Field Goal Percent 7 John Brown 52.6%
88%
Points Per Game 3 John Brown 19.7
88%
Points 5 Marcus Denmon 1,775
75%
Steals T5 Marcus Denmon 178
75%
Three Pointers Made 2 Marcus Denmon 283
75%
Games T1 Marcus Denmon 141
75%
Assists 1 Phil Pressey 580
75%
Steals T1 Phil Pressey 196
75%
Points 6 Arthur Johnson 1,759
63%
Rebounds 1 Arthur Johnson 1,083
63%
Blocks 1 Arthur Johnson 245
63%
Field Goal Percent 8 Arthur Johnson 52.6%
63%
Games T4 Arthur Johnson 132
63%
Points 2 Doug Smith 2,184
63%
Rebounds 2 Doug Smith 1,053
63%
Steals T5 Doug Smith 178
63%
Blocks 4 Doug Smith 129
63%
Games T10 Doug Smith 128
63%
Points Per Game 9 Henry Smith 17.5
63%
Three Pointers Made 4 Kim English 239
63%
Games T1 Kim English 141
63%
Points Per Game 1 Willie Smith 23.9
63%
Points 3 Anthony Peeler 1,970
50%
Assists 2 Anthony Peeler 497
50%
Steals T1 Anthony Peeler 196
50%
Field Goal Percent 3 DeMarre Carroll 54.9%
50%
Blocks 7 Jeremiah Tilmon 113
50%
Blocks 2 Laurence Bowers 157
50%
Field Goal Percent 4 Laurence Bowers 54.3%
50%
Games T10 Laurence Bowers 128
50%
Games T10 Kevin Puryear 128
38%
Points 7 Melvin Booker 1,697
38%
Assists 3 Melvin Booker 488
38%
Three Pointers Made 9 Melvin Booker 183
38%
Blocks 8 Steve Moore 105
38%
Points 1 Derrick Chievous 2,580
25%
Rebounds 4 Derrick Chievous 979
25%
Field Goal Percent 9 Derrick Chievous 52.2%
25%
Points Per Game 2 Derrick Chievous 19.8
25%
Games 9 Derrick Chievous 130
25%
Assists T7 Jon Sundvold 380
25%
Games T10 Jon Sundvold 128
25%
Assists T7 J.T. Tiller 322
25%
Steals 10 J.T. Tiller 166
25%
Games T7 J.T. Tiller 131
25%
Field Goal Percent 10 Kim Anderson 51.6%
25%
Three Pointers Made 3 Matt Lawrence 244
25%
Points Per Game 7 Norm Stewart 17.7
25%
Points 4 Steve Stipanovich 1,836
25%
Rebounds 3 Steve Stipanovich 984
25%
Blocks 3 Steve Stipanovich 149
25%
Field Goal Percent 5 Steve Stipanovich 53.8%
25%
Games T10 Steve Stipanovich 128
25%
Rebounds 9 Al Eberhard 806
13%
Rebounds 5 Bill Stauffer 964
13%
Steals 3 Brian Grawer 195
13%
Three Pointers Made 6 Brian Grawer 210
13%
Points Per Game 5 Charles Henke 18.1
13%
Blocks 10 Chris Heller 89
13%
Points 9 Clarence Gilbert 1,685
13%
Steals 9 Clarence Gilbert 167
13%
Three Pointers Made 1 Clarence Gilbert 332
13%
Games T10 Clarence Gilbert 128
13%
Rebounds 8 Curtis Berry 811
13%
Field Goal Percent 2 Curtis Berry 56.5%
13%
Blocks 9 Gary Leonard 95
13%
Games T4 Gary Leonard 132
13%
Rebounds 6 Greg Cavener 894
13%
Assists 6 Jason Horton 413
13%
Three Pointers Made 8 Jason Sutherland 190
13%
Steals 8 Jeff Hafer 169
13%
Points Per Game 8 Jeff Strong 17.5
13%
Rebounds 7 Jevon Crudup 874
13%
Blocks 6 Jevon Crudup 116
13%
Assists 10 Jimmy McKinney 349
13%
Three Pointers Made 5 Kareem Rush 226
13%
Points Per Game 4 Kareem Rush 18.9
13%
Points 8 Kelly Thames 1,689
13%
Rebounds 10 Kelly Thames 785
13%
Games T10 Kelly Thames 128
13%
Assists 4 Larry Drew 433
13%
Assists 5 Lee Coward 431
13%
Assists 9 Lynn Hardy 358
13%
Steals 4 Lynn Hardy 194
13%
Steals 7 Mike Sandbothe 172
13%
Games 3 Mike Sandbothe 134
13%
Field Goal Percent 6 Nathan Buntin 52.8%
13%
Games T4 Nathan Buntin 132
13%
Points 10 Rickey Paulding 1,673
13%
Three Pointers Made 7 Rickey Paulding 191
13%
Games T7 Rickey Paulding 131
13%
Field Goal Percent 1 Ricky Frazier 59.4%
13%
Points Per Game 6 Ron Coleman 17.7
13%
Three Pointers Made 10 Thomas Gardner 179
13%
Blocks 5 Travon Bryant 120
13%
No matching quizzes found
Score Distribution
Percent of People with Each Score
Percentile by Number Answered
Your Score History
You have not taken this quiz since the last reset